01154nam a2200193Ia 4500001001100000003001000011008004100021040002500062041001300087100002800100245007700128250001100205260007900216300001200295500026000307501011400567520026000681650001900941L942-50941IT-CnALBA170116s9999||||xx |||||||||||||| ||und|| aIT-CnALBAcIT-CnALBA aITALIANO aSLOVIN CERNIA FRANCESCA 0aABY WARBURG. UN BANCHIERE PRESTATO ALL'ARTE. BIOGRAFIA DI UNA PASSIONE.  a1a ed. a VENEZIAbMARSILIO EDITORI c1995 [1° Ed.:1995 - Ed.Ling.Originale: 1995] a240 p.  aVITA. ABY WARBURG. IL RITUALE DEL SERPENTE. NASCITA AMBURGHESE, DI SANGUE EBREO, ANIMO FIORENTINO. DIO NASCOSTO NEL DETTAGLIO. BIBLIOTECA. RITORNO DEGLI DEI. MALINCONIA. BELLEVUE. F. SAXL A VAPEUR. FANTASMI PER ADULTI. LONDRA 1934. BIOGRAFIA DI UNA PASSIO aSocietà San Paolo EM - Piazza San Paolo, 14 - 12051 ALBA (CN) (non commercial uses only) ® Copyright 2017 aVITA. ABY WARBURG. IL RITUALE DEL SERPENTE. NASCITA AMBURGHESE, DI SANGUE EBREO, ANIMO FIORENTINO. DIO NASCOSTO NEL DETTAGLIO. BIBLIOTECA. RITORNO DEGLI DEI. MALINCONIA. BELLEVUE. F. SAXL A VAPEUR. FANTASMI PER ADULTI. LONDRA 1934. BIOGRAFIA DI UNA PASSIO aSTORIA MODERNA